[Event "COL pre olympic sf3"]
[Site "Dosquebradas"]
[Date "2018.06.03"]
[Round "8"]
[White "Rios Parra, Alejandro"]
[Black "Vargas, Edwin Antonio"]
[Result "1-0"]
[WhiteElo "2323"]
[BlackElo "2022"]
[PlyCount "55"]
[EventDate "2018.05.30"]
[EventType "swiss"]
[EventRounds "10"]
[EventCountry "COL"]
[SourceTitle "CBM 184 Extra"]
[Source "ChessBase"]
[SourceDate "2018.06.28"]
[SourceVersion "1"]
[SourceVersionDate "2018.06.28"]
[SourceQuality "1"]

1. e4 c5 2. Nf3 d6 3. d4 cxd4 4. Nxd4 Nf6 5. Nc3 a6 6. Bg5 Nbd7 7. Bc4 e6 8. Qe2 Qa5 9. f4 Be7 10. 0-0-0 0-0 11. g4 Qc5 12. Rhf1 Nb6 13. Bb3 Bd7 14. f5 e5 15. Nf3 Bb5 16. Nxb5 axb5 17. Be3 Qc6 18. Bxb6 Qxb6 19. g5 Ng4 20. Rd3 d5 21. Bxd5 Bc5 22. Bb3 Ne3 23. Re1 Nc4 24. h4 f6 25. gxf6 Qxf6 26. Rd5 Rfc8 27. Nxe5 Nxe5 28. Rd8# 1-0

[Event "COL pre olympic sf3"]
[Site "Dosquebradas"]
[Date "2018.06.02"]
[Round "7"]
[White "Galvis, Augusto"]
[Black "Vargas, Edwin Antonio"]
[Result "0-1"]
[WhiteElo "1847"]
[BlackElo "2022"]
[PlyCount "36"]
[EventDate "2018.05.30"]
[EventType "swiss"]
[EventRounds "10"]
[EventCountry "COL"]
[SourceTitle "CBM 184 Extra"]
[Source "ChessBase"]
[SourceDate "2018.06.28"]
[SourceVersion "1"]
[SourceVersionDate "2018.06.28"]
[SourceQuality "1"]

1. d4 d5 2. c4 e6 3. Nc3 f5 4. Nf3 Nf6 5. Bg5 c6 6. e3 Be7 7. Bd3 Ne4 8. Bxe7 Qxe7 9. cxd5 exd5 10. 0-0 Nd7 11. Qc2 0-0 12. Nd1 Rf6 13. a3 Rh6 14. g3 Qf7 15. Bxe4 fxe4 16. Ng5 Qh5 17. h4 Qg4 18. Kh2 Qxg5 0-1

[Event "COL sub zt 2.3.4"]
[Site "La Dorada"]
[Date "2016.11.06"]
[Round "8"]
[White "Vargas, Edwin Antonio"]
[Black "Garcia Alarcon, Alvaro"]
[Result "0-1"]
[WhiteElo "2049"]
[BlackElo "2169"]
[PlyCount "70"]
[EventDate "2016.11.02"]
[EventType "swiss"]
[EventRounds "9"]
[EventCountry "COL"]
[SourceTitle "CBM 175 Extra"]
[Source "ChessBase"]
[SourceDate "2016.12.12"]
[SourceVersion "1"]
[SourceVersionDate "2016.12.12"]
[SourceQuality "1"]

1. d4 Nf6 2. f4 d5 3. Nf3 Bf5 4. e3 e6 5. Be2 h6 6. c3 Be7 7. 0-0 0-0 8. Ne5 c5 9. Nd2 Nc6 10. Ndf3 Bh7 11. Bd3 Ne4 12. Bxe4 Bxe4 13. Qe2 f6 14. Ng4 Qd7 15. h3 a6 16. dxc5 Bxc5 17. Nd4 Rae8 18. Bd2 Nd8 19. Nf2 Bh7 20. Nb3 Ba7 21. c4 dxc4 22. Qxc4 b5 23. Qe2 e5 24. Qf3 exf4 25. exf4 Be4 26. Qg3 Bf5 27. Kh1 Nc6 28. Rae1 Kh7 29. Qf3 Nd4 30. Nxd4 Qxd4 31. Rxe8 Rxe8 32. Bc3 Qc4 33. Nd1 b4 34. b3 Qb5 35. Re1 bxc3 0-1

[Event "COL sub zt 2.3.4"]
[Site "La Dorada"]
[Date "2016.11.03"]
[Round "2"]
[White "Vargas, Edwin Antonio"]
[Black "Zuluaga Mancilla, Cesar"]
[Result "0-1"]
[WhiteElo "2049"]
[BlackElo "2294"]
[PlyCount "124"]
[EventDate "2016.11.02"]
[EventType "swiss"]
[EventRounds "9"]
[EventCountry "COL"]
[SourceTitle "CBM 175 Extra"]
[Source "ChessBase"]
[SourceDate "2016.12.12"]
[SourceVersion "1"]
[SourceVersionDate "2016.12.12"]
[SourceQuality "1"]

1. d4 d5 2. f4 Nf6 3. Nf3 c5 4. e3 Nc6 5. c3 Qb6 6. Bd3 g6 7. 0-0 Bg7 8. Ne5 Bf5 9. Bxf5 gxf5 10. Nxc6 bxc6 11. Nd2 e6 12. b3 cxd4 13. cxd4 0-0 14. Bb2 Rfc8 15. Rf3 h6 16. Qe1 Kh7 17. Qh4 Qa5 18. Qe1 Rg8 19. h3 Rac8 20. a3 Qb5 21. Rc1 Bf8 22. Kh2 Be7 23. Qf1 Qb6 24. Qd3 Ne4 25. b4 a5 26. Qc2 axb4 27. axb4 Qxb4 28. Nxe4 fxe4 29. Rg3 Rxg3 30. Kxg3 c5 31. dxc5 Rxc5 32. Qe2 Rxc1 33. Bxc1 Bf6 34. Bd2 Qb2 35. Kf2 Bg7 36. Be1 Qb3 37. g3 f5 38. Bd2 d4 39. exd4 Bxd4+ 40. Kg2 Qa2 41. Kf1 Qb1+ 42. Be1 Kg6 43. Qc4 Qb6 44. Qa4 Kf6 45. Qc4 Kf7 46. g4 Qd6 47. Bg3 Bb6 48. Qe2 Qc5 49. Bh2 Qc3 50. Kg2 Kg6 51. Bg3 Qc1 52. Bh2 Qc6 53. Bg1 e3+ 54. Kg3 Qe4 55. Qb5 Bd4 56. Qe8+ Kg7 57. Qe7+ Kg8 58. Qe8+ Kh7 59. gxf5 exf5 60. Qd7+ Bg7 61. Qd1 e2 62. Qe1 Bc3 0-1

[Event "COL sub zt 2.3.4"]
[Site "La Dorada"]
[Date "2016.11.02"]
[Round "1"]
[White "Pena Mora, Carlos"]
[Black "Vargas, Edwin Antonio"]
[Result "0-1"]
[WhiteElo "1609"]
[BlackElo "2049"]
[PlyCount "86"]
[EventDate "2016.11.02"]
[EventType "swiss"]
[EventRounds "9"]
[EventCountry "COL"]
[SourceTitle "CBM 175 Extra"]
[Source "ChessBase"]
[SourceDate "2016.12.12"]
[SourceVersion "1"]
[SourceVersionDate "2016.12.12"]
[SourceQuality "1"]

1. Nf3 d5 2. c4 e6 3. b3 f5 4. Bb2 Nf6 5. Ne5 c6 6. e3 Bd6 7. Be2 0-0 8. 0-0 Nbd7 9. d4 g5 10. Nd2 Qe7 11. f4 g4 12. Qe1 Kh8 13. c5 Bxe5 14. fxe5 Nh5 15. g3 Qg5 16. Qf2 Rg8 17. Rad1 Nf8 18. Bc1 Qg6 19. b4 Bd7 20. a4 h6 21. Kh1 Nh7 22. Qg2 Ng5 23. b5 b6 24. cxb6 axb6 25. Ba3 cxb5 26. Be7 bxa4 27. Rc1 Rgc8 28. Rb1 a3 29. Rxb6 a2 30. Ra1 Rc2 31. Bd1 Rc3 32. Qe2 Rca3 33. Bxa3 Rxa3 34. Rb8+ Be8 35. Qb5 Ng7 36. Qb2 Rxe3 37. Kg2 Kh7 38. Qxa2 f4 39. gxf4 Nh3 40. Bc2 Nxf4+ 41. Kf2 Re2+ 42. Kg3 Ngh5+ 43. Kh4 Rxh2# 0-1

[Event "Pamplona IRT rap op"]
[Site "Pamplona"]
[Date "2012.11.09"]
[Round "1"]
[White "Vargas, Edwin Antonio"]
[Black "Barrientos Chavarriaga, Sergio E"]
[Result "1/2-1/2"]
[WhiteElo "2094"]
[BlackElo "2458"]
[PlyCount "119"]
[EventDate "2012.11.09"]
[EventType "swiss"]
[EventRounds "11"]
[EventCountry "COL"]
[SourceTitle "CBM 151 Extra"]
[Source "ChessBase"]
[SourceDate "2012.12.18"]
[SourceVersion "1"]
[SourceVersionDate "2012.12.18"]
[SourceQuality "1"]

1. d4 Nf6 2. f4 d6 3. Nc3 g6 4. e4 Bg7 5. Nf3 0-0 6. Be2 c5 7. 0-0 cxd4 8. Nxd4 Nc6 9. Nb3 a5 10. a4 Be6 11. Kh1 Rc8 12. Be3 Nb4 13. f5 Bc4 14. Bxc4 Rxc4 15. Bd4 Nc6 16. Qd3 Nxd4 17. Nxd4 Rc5 18. Ncb5 Qb6 19. c3 Re5 20. Rae1 Rd8 21. fxg6 hxg6 22. Nf3 Rh5 23. Qd4 Qxd4 24. cxd4 d5 25. e5 Ne4 26. g4 Rh8 27. Kg2 Rc8 28. Rc1 Kh7 29. Na7 Rcf8 30. Rc7 f6 31. Rxe7 fxe5 32. dxe5 g5 33. h4 gxh4 34. Nxh4 Rxf1 35. Kxf1 Rf8+ 36. Nf5 Ng3+ 37. Kg2 Nxf5 38. gxf5 Rxf5 39. Rxb7 Rxe5 40. Nc6 Rg5+ 41. Kf3 Rf5+ 42. Ke2 Rh5 43. b4 Rh2+ 44. Kd3 Rh3+ 45. Ke2 axb4 46. Nxb4 Ra3 47. Nxd5 Rxa4 48. Ne3 Ra5 49. Kf3 Kg6 50. Rb6+ Kh7 51. Rb7 Kh6 52. Ng4+ Kh7 53. Ne3 Kg6 54. Ke4 Ra4+ 55. Kf3 Rf4+ 56. Kg3 Ra4 57. Kg2 Rb4 58. Kf1 Re4 59. Rb4 Rh4 60. Nd1 1/2-1/2

[Event "Pamplona Sub zt 2.3"]
[Site "Pamplona"]
[Date "2012.11.08"]
[Round "7"]
[White "Vargas, Edwin Antonio"]
[Black "Martinez, Jorge Alexander"]
[Result "1/2-1/2"]
[WhiteElo "2094"]
[BlackElo "2219"]
[PlyCount "133"]
[EventDate "2012.11.05"]
[EventType "swiss"]
[EventRounds "9"]
[EventCountry "COL"]
[SourceTitle "EXT 2013"]
[Source "ChessBase"]
[SourceDate "2012.11.22"]
[SourceVersion "1"]
[SourceVersionDate "2012.11.22"]
[SourceQuality "1"]

1. d4 Nf6 2. f4 c5 3. e3 cxd4 4. exd4 e6 5. Nf3 b6 6. Bd3 Bb7 7. Qe2 Be7 8. Bd2 Nc6 9. c3 Qc7 10. a4 h5 11. Na3 a6 12. Nc4 h4 13. Rg1 Nd5 14. Nfe5 d6 15. Nxc6 Bxc6 16. a5 b5 17. Na3 Bf6 18. Nc2 Kf8 19. g4 hxg3 20. hxg3 e5 21. dxe5 dxe5 22. fxe5 Bxe5 23. 0-0-0 Nf6 24. Nb4 Bb7 25. Qe3 Bd6 26. Qb6 Qxb6 27. axb6 Bc5 28. Rgf1 Bxb6 29. Bg5 Ng4 30. Rde1 Bg2 31. Be4 Bxe4 32. Rxe4 Nf2 33. Re2 Rh2 34. Kc2 f6 35. Nd5 Ba7 36. Nc7 Rc8 37. Bf4 g5 38. Bd6+ Kf7 39. Nxa6 Rc6 40. Bb8 Bb6 41. Nb4 Re6 42. Rfe1 Rxe2+ 43. Rxe2 Rh8 44. Nd5 Rxb8 45. Nxb6 Nh1 46. Nd7 Rd8 47. Rd2 Ke7 48. Nb6 Rxd2+ 49. Kxd2 Nxg3 50. Nd5+ Kf7 51. b3 f5 52. Ke3 Kg6 53. c4 bxc4 54. bxc4 Ne4 55. Nb4 g4 56. Nd3 Kg5 57. c5 Nf6 58. Nf4 Kh4 59. c6 Ne8 60. Kf2 Nc7 61. Kg2 Kg5 62. Kg3 Kf6 63. Nd3 Ne6 64. Kh4 Nc7 65. Nf2 Ke5 66. Nxg4+ Kf4 67. Nh6 1/2-1/2

[Event "Pamplona Sub zt 2.3"]
[Site "Pamplona"]
[Date "2012.11.06"]
[Round "4"]
[White "Martinez Arroyo, Luis Alberto"]
[Black "Vargas, Edwin Antonio"]
[Result "1-0"]
[WhiteElo "1843"]
[BlackElo "2094"]
[PlyCount "85"]
[EventDate "2012.11.05"]
[EventType "swiss"]
[EventRounds "9"]
[EventCountry "COL"]
[SourceTitle "EXT 2013"]
[Source "ChessBase"]
[SourceDate "2012.11.22"]
[SourceVersion "1"]
[SourceVersionDate "2012.11.22"]
[SourceQuality "1"]

1. d4 d5 2. Nf3 e6 3. c4 c6 4. Nc3 f5 5. Bf4 Nf6 6. e3 Be7 7. Bd3 0-0 8. 0-0 Ne4 9. h3 g5 10. Bxb8 Rxb8 11. Ne5 Nxc3 12. bxc3 Qe8 13. Rb1 Bd6 14. f4 Bxe5 15. fxe5 Bd7 16. Rb2 Kh8 17. Qa4 a6 18. c5 Bc8 19. Qc2 Ra8 20. Qf2 Rg8 21. g4 Qe7 22. gxf5 exf5 23. Bxf5 Bxf5 24. Qxf5 Rgf8 25. Qb1 Qd7 26. Kh2 g4 27. Rxf8+ Rxf8 28. Rxb7 Rf2+ 29. Kg1 Qf5 30. Qxf5 Rxf5 31. e6 Kg8 32. Rb8+ Rf8 33. Rb6 h5 34. hxg4 hxg4 35. Rxc6 Kg7 36. e7 Re8 37. Re6 Kf7 38. Re5 Rxe7 39. Rxe7+ Kxe7 40. Kg2 Ke6 41. Kg3 Kf5 42. a3 a5 43. a4 1-0

[Event "Pamplona Sub zt 2.3"]
[Site "Pamplona"]
[Date "2012.11.06"]
[Round "3"]
[White "Vargas, Edwin Antonio"]
[Black "Corpus, Jair Samir"]
[Result "1-0"]
[WhiteElo "2094"]
[BlackElo "1935"]
[PlyCount "105"]
[EventDate "2012.11.05"]
[EventType "swiss"]
[EventRounds "9"]
[EventCountry "COL"]
[SourceTitle "EXT 2013"]
[Source "ChessBase"]
[SourceDate "2012.11.22"]
[SourceVersion "1"]
[SourceVersionDate "2012.11.22"]
[SourceQuality "1"]

1. d4 Nf6 2. f4 d5 3. Nf3 Bf5 4. e3 e6 5. Nbd2 Bd6 6. Be2 0-0 7. 0-0 Nbd7 8. Ne5 c5 9. c3 Rc8 10. g4 Be4 11. g5 Ne8 12. Nxe4 dxe4 13. Bb5 Nxe5 14. dxe5 Bb8 15. Qc2 Nc7 16. Rd1 Nd5 17. Bd2 Qb6 18. Bc4 Rfd8 19. b3 Qc6 20. Qxe4 b5 21. Bxd5 Qxd5 22. Qxd5 Rxd5 23. Be1 Rcd8 24. Rxd5 Rxd5 25. Kf2 Kf8 26. Ke2 Ke8 27. e4 Rd7 28. Bf2 Rc7 29. Kd2 a6 30. Kc2 g6 31. Rd1 Rc6 32. Rd3 c4 33. Rh3 cxb3+ 34. axb3 a5 35. Rxh7 Bc7 36. Rh8+ Kd7 37. Rf8 Ke7 38. Ra8 Kd7 39. Kd3 Bd8 40. Rb8 a4 41. bxa4 bxa4 42. Ra8 Be7 43. Rxa4 Rc8 44. Ra7+ Ke8 45. Rb7 Ra8 46. Ba7 Rd8+ 47. Bd4 Ba3 48. Rb1 Kf8 49. h4 Kg7 50. Rh1 Rh8 51. f5 Rh5 52. f6+ Kh7 53. c4 1-0

[Event "Bogota Semana Santa op"]
[Site "Bogota"]
[Date "2012.04.06"]
[Round "6"]
[White "Nunez V, Gustavo Eduardo"]
[Black "Vargas, Edwin Antonio"]
[Result "1-0"]
[WhiteElo "2231"]
[BlackElo "2114"]
[PlyCount "43"]
[EventDate "2012.04.04"]
[EventType "swiss"]
[EventRounds "9"]
[EventCountry "COL"]
[SourceTitle "CBM 147 Extra"]
[Source "ChessBase"]
[SourceDate "2012.04.24"]
[SourceVersion "1"]
[SourceVersionDate "2012.04.24"]
[SourceQuality "1"]

1. e4 d6 2. d4 g6 3. c4 Bg7 4. Nc3 c6 5. Nge2 e5 6. Be3 Be6 7. d5 cxd5 8. cxd5 Bd7 9. Qb3 b6 10. Nb5 Bxb5 11. Qxb5+ Qd7 12. Qb3 Nf6 13. Nc3 0-0 14. Bb5 Qe7 15. Bc6 Nxc6 16. dxc6 Rac8 17. Nd5 Qe6 18. Nxf6+ Bxf6 19. Qd5 Be7 20. 0-0 Qxd5 21. exd5 f5 22. f3 1-0

[Event "COL-chT"]
[Site "Medelin"]
[Date "2011.11.05"]
[Round "6.2"]
[White "Rico, Oswaldo"]
[Black "Vargas, Edwin Antonio"]
[Result "0-1"]
[WhiteElo "1886"]
[BlackElo "2095"]
[PlyCount "74"]
[EventDate "2011.11.02"]
[EventType "team-swiss"]
[EventRounds "6"]
[EventCountry "COL"]
[SourceTitle "EXT 2012"]
[Source "ChessBase"]
[SourceDate "2011.11.24"]
[SourceVersion "1"]
[SourceVersionDate "2011.11.24"]
[SourceQuality "1"]
[WhiteTeam "Liga De Casanare"]
[BlackTeam "Fuerzas Armadas"]
[WhiteTeamCountry "COL"]
[BlackTeamCountry "COL"]

1. e4 e6 2. d4 d6 3. Nf3 Nf6 4. Bd3 Be7 5. 0-0 Nbd7 6. c4 e5 7. Nc3 0-0 8. Nd5 Nxd5 9. cxd5 f6 10. Be3 Nb6 11. h3 g5 12. Nh2 Rf7 13. Qh5 Nd7 14. Ng4 Bf8 15. Rac1 exd4 16. Bxd4 Ne5 17. Be2 Bg7 18. f4 Nxg4 19. Bxg4 Bxg4 20. Qxg4 f5 21. Qd1 fxe4 22. Bxg7 Rxg7 23. f5 Qf6 24. Rc2 Re8 25. Kh1 e3 26. Re2 g4 27. hxg4 Re4 28. Rf3 Rgxg4 29. Rexe3 Rxe3 30. Rxe3 Qxf5 31. Re8+ Kf7 32. Qe1 Qf6 33. Re4 Rg5 34. Rh4 h6 35. Qc1 Kg8 36. Rh3 Qf2 37. Rh2 Re5 0-1

[Event "COL-chT"]
[Site "Medelin"]
[Date "2011.11.03"]
[Round "2.2"]
[White "Arboleda Tamayo, Daniel"]
[Black "Vargas, Edwin Antonio"]
[Result "0-1"]
[WhiteElo "1543"]
[BlackElo "2095"]
[PlyCount "46"]
[EventDate "2011.11.02"]
[EventType "team-swiss"]
[EventRounds "6"]
[EventCountry "COL"]
[SourceTitle "EXT 2012"]
[Source "ChessBase"]
[SourceDate "2011.11.24"]
[SourceVersion "1"]
[SourceVersionDate "2011.11.24"]
[SourceQuality "1"]
[WhiteTeam "Paul Keres Talentos"]
[BlackTeam "Fuerzas Armadas"]
[WhiteTeamCountry "COL"]
[BlackTeamCountry "COL"]

1. e4 d6 2. d4 e6 3. Nc3 Nf6 4. Nf3 Be7 5. Bd3 Nbd7 6. 0-0 e5 7. dxe5 Nxe5 8. Nxe5 dxe5 9. Bc4 0-0 10. Bg5 c6 11. h3 b5 12. Bb3 Qc7 13. Qf3 h6 14. Be3 b4 15. Ne2 c5 16. Bc4 Qc6 17. Rad1 Be6 18. Bd5 Bxd5 19. exd5 Qc7 20. Qg3 Ne4 21. Qg4 f5 22. Qf3 Nd6 23. Ng3 f4 0-1

[Event "Bogota Mayores Distrital op 07"]
[Site "Bogota"]
[Date "2011.07.23"]
[Round "5"]
[White "Vargas, Edwin Antonio"]
[Black "Puentes, Gabriel Francisco"]
[Result "1-0"]
[WhiteElo "2062"]
[BlackElo "1855"]
[PlyCount "31"]
[EventDate "2011.07.20"]
[EventType "swiss"]
[EventRounds "7"]
[EventCountry "COL"]
[SourceTitle "EXT 2012"]
[Source "ChessBase"]
[SourceDate "2011.11.24"]
[SourceVersion "1"]
[SourceVersionDate "2011.11.24"]
[SourceQuality "1"]

1. d4 Nf6 2. f4 g6 3. Nf3 Bg7 4. e3 d6 5. Bd3 0-0 6. Nc3 Nbd7 7. e4 c6 8. e5 dxe5 9. fxe5 Nd5 10. Nxd5 cxd5 11. Ng5 e6 12. 0-0 Nb6 13. a4 a5 14. Qg4 Bd7 15. b3 h6 16. Nxf7 1-0

[Event "Medellin op"]
[Site "Medellin"]
[Date "2011.04.??"]
[Round "5"]
[White "Vargas, Edwin Antonio"]
[Black "Salas, Juan David"]
[Result "1-0"]
[WhiteElo "2007"]
[BlackElo "2162"]
[PlyCount "73"]
[EventDate "2011.04.??"]
[EventType "swiss"]
[EventRounds "9"]
[EventCountry "COL"]
[SourceTitle "CBM 142 Extra"]
[Source "ChessBase"]
[SourceDate "2011.06.27"]
[SourceVersion "1"]
[SourceVersionDate "2011.06.27"]
[SourceQuality "1"]

1. d4 Nf6 2. f4 d5 3. Nf3 g6 4. e3 Bg7 5. Bd3 c5 6. c3 b6 7. Nbd2 0-0 8. Qe2 Qc7 9. Ne5 Nc6 10. 0-0 Bb7 11. g4 Nxe5 12. fxe5 Ne4 13. Nxe4 dxe4 14. Bc4 Qd7 15. Bd2 e6 16. Be1 a6 17. Bh4 cxd4 18. exd4 Rfc8 19. Bb3 a5 20. Qe3 a4 21. Bc2 a3 22. b3 Ra5 23. Rac1 Bf8 24. Bf6 Qc6 25. Bb1 Ra7 26. h4 Ba6 27. Rf2 Rd7 28. Bxe4 Qb5 29. h5 Bg7 30. hxg6 fxg6 31. Bxg7 Rxg7 32. Rf6 Qd7 33. c4 b5 34. c5 b4 35. c6 Qe7 36. g5 Rf7 37. d5 1-0

[Event "Medellin op"]
[Site "Medellin"]
[Date "2011.04.??"]
[Round "9"]
[White "Vargas, Edwin Antonio"]
[Black "Salazar, Aura Cristina"]
[Result "0-1"]
[WhiteElo "2007"]
[BlackElo "2195"]
[PlyCount "112"]
[EventDate "2011.04.??"]
[EventType "swiss"]
[EventRounds "9"]
[EventCountry "COL"]
[SourceTitle "CBM 142 Extra"]
[Source "ChessBase"]
[SourceDate "2011.06.27"]
[SourceVersion "1"]
[SourceVersionDate "2011.06.27"]
[SourceQuality "1"]

1. d4 Nf6 2. f4 g6 3. Nf3 Bg7 4. Nc3 0-0 5. e4 d6 6. Bd3 Bg4 7. Be3 e5 8. fxe5 dxe5 9. d5 c6 10. Bc4 b5 11. Be2 b4 12. Nxe5 bxc3 13. Nxg4 cxb2 14. Nxf6+ Qxf6 15. Rb1 Qh4+ 16. Bf2 Qxe4 17. 0-0 Qxd5 18. Qxd5 cxd5 19. Bf3 Nc6 20. Bxd5 Rac8 21. Bc5 Rfd8 22. Bxf7+ Kh8 23. Be6 Rb8 24. Ba3 Bd4+ 25. Kh1 h6 26. Bb3 Ne5 27. Bxb2 Bxb2 28. Rxb2 Nc4 29. Rbb1 Nd2 30. Rbe1 Nxf1 31. Rxf1 Rf8 32. Rc1 Rbc8 33. c4 Rc5 34. h3 Kg7 35. Rd1 a5 36. Kg1 Rf7 37. Rd6 Rfc7 38. Rd2 Ra7 39. a4 Rb7 40. Rd3 Kf6 41. Kf2 Ke5 42. Ke3 Rf7 43. Rd8 Rf1 44. Re8+ Kd6 45. Kd4 Rf4+ 46. Re4 Rxe4+ 47. Kxe4 Rg5 48. g4 Kc5 49. Kf4 Kb4 50. Bc2 Rc5 51. Bxg6 Kxa4 52. h4 Kb3 53. Bf5 a4 54. g5 a3 55. Bb1 hxg5+ 56. hxg5 Kb2 0-1